[Event "Madrid-chT Honor 2122"]
[Site "Madrid"]
[Date "2022.02.20"]
[Round "10.1"]
[White "Ingunza Curro, Andres"]
[Black "Corral Blanco, Juan Antonio"]
[Result "1/2-1/2"]
[WhiteElo "2374"]
[BlackElo "2421"]
[PlyCount "101"]
[EventDate "2021.11.27"]
[EventType "team-tourn"]
[EventRounds "14"]
[EventCountry "ESP"]
[SourceTitle "EXT 2024"]
[Source "ChessBase"]
[SourceDate "2023.10.10"]
[SourceVersion "1"]
[SourceVersionDate "2023.10.10"]
[SourceQuality "1"]
[WhiteTeam "Tajamar"]
[BlackTeam "La Didactica"]
[WhiteTeamCountry "ESP"]
[BlackTeamCountry "ESP"]

1. e4 c5 2. Nf3 e6 3. d4 cxd4 4. Nxd4 Nc6 5. Nc3 Qc7 6. f4 a6 7. Nxc6 Qxc6 8. Bd3 b5 9. Qe2 Bb7 10. Bd2 Be7 11. a3 Nf6 12. 0-0-0 h5 13. Rhf1 Rc8 14. Kb1 Qc7 15. e5 Nd5 16. Ne4 g6 17. Rc1 Qb6 18. Rf3 Rb8 19. c3 a5 20. Nd6+ Bxd6 21. exd6 b4 22. Qe5 Rg8 23. c4 bxa3 24. cxd5 Bxd5 25. Bc3 axb2 26. Bxb2 a4 27. Qc3 Bxf3 28. gxf3 Qxd6 29. Kc2 Rb3 30. Qc4 Ke7 31. Be5 Qb4 32. Qc7 Qb6 33. Qxb6 Rxb6 34. Ra1 Rc8+ 35. Kd2 d6 36. Bd4 Rb4 37. Ke3 Ra8 38. Be4 Rb3+ 39. Ke2 d5 40. Bc2 Rb5 41. Rxa4 Rxa4 42. Bxa4 Rb1 43. Bc5+ Kf6 44. Bd4+ Ke7 45. Bc5+ Kd8 46. h4 Rh1 47. Bb6+ Ke7 48. Bc5+ Kf6 49. Bd4+ Ke7 50. Bc5+ Kd8 51. Bb6+ 1/2-1/2

[Event "Madrid-chT Honor 2122"]
[Site "Madrid"]
[Date "2022.01.30"]
[Round "7.1"]
[White "Corral Blanco, Juan Antonio"]
[Black "Vazquez Igarza, Renier"]
[Result "1/2-1/2"]
[WhiteElo "2421"]
[BlackElo "2528"]
[PlyCount "47"]
[EventDate "2021.11.27"]
[EventType "team-tourn"]
[EventRounds "14"]
[EventCountry "ESP"]
[SourceTitle "EXT 2024"]
[Source "ChessBase"]
[SourceDate "2023.10.10"]
[SourceVersion "1"]
[SourceVersionDate "2023.10.10"]
[SourceQuality "1"]
[WhiteTeam "La Didactica"]
[BlackTeam "Collado Villalba"]
[WhiteTeamCountry "ESP"]
[BlackTeamCountry "ESP"]

1. d4 Nf6 2. c4 c6 3. Nc3 d5 4. Nf3 a6 5. e3 Bf5 6. Bd3 Bg6 7. Ne5 Bxd3 8. Qxd3 e6 9. 0-0 Bd6 10. b3 Nbd7 11. Nxd7 Qxd7 12. Bb2 b5 13. cxd5 cxd5 14. Rfc1 Qb7 15. Rc2 Kd7 16. Rac1 Rhc8 17. Ne2 Rxc2 18. Rxc2 b4 19. Nc1 a5 20. Qd1 a4 21. Nd3 axb3 22. axb3 Qb5 23. Rc1 Rc8 24. Rxc8 1/2-1/2

[Event "ESP-chT Div Honor"]
[Site "Monzon"]
[Date "2016.09.29"]
[Round "4.4"]
[White "Korneev, Oleg"]
[Black "Corral Blanco, Juan Antonio"]
[Result "1-0"]
[WhiteElo "2581"]
[BlackElo "2420"]
[PlyCount "69"]
[EventDate "2016.09.26"]
[EventType "team-tourn"]
[EventRounds "7"]
[EventCountry "ESP"]
[SourceTitle "CBM 174 Extra"]
[Source "ChessBase"]
[SourceDate "2016.10.10"]
[SourceVersion "1"]
[SourceVersionDate "2016.10.10"]
[SourceQuality "1"]
[WhiteTeam "Merida Patrimonio"]
[BlackTeam "Equigoma Social Catolica"]
[WhiteTeamCountry "ESP"]
[BlackTeamCountry "ESP"]

1. e4 c5 2. Nf3 e6 3. d4 cxd4 4. Nxd4 Nc6 5. Nc3 Qc7 6. Be2 Nf6 7. 0-0 a6 8. Be3 Be7 9. f4 d6 10. Qe1 0-0 11. Qg3 Nxd4 12. Bxd4 b5 13. a3 Bb7 14. Rae1 Rad8 15. Kh1 Rd7 16. Bd3 Qd8 17. Qh3 g6 18. f5 e5 19. Be3 Re8 20. Qf3 Nh5 21. a4 b4 22. Bc4 Nf4 23. Bxf4 exf4 24. Nd5 Bxd5 25. Bxd5 Rc7 26. Qxf4 g5 27. Qd2 Bf6 28. Qxb4 Be5 29. f6 Kh8 30. c3 Rg8 31. Qb6 Qc8 32. Rf5 Rg6 33. g3 Rxf6 34. Rxe5 Qg4 35. Rf5 1-0

[Event "ESP-chT CECLUB Div1"]
[Site "Linares"]
[Date "2015.08.11"]
[Round "4.3"]
[White "Corral Blanco, Juan Antonio"]
[Black "Perez Garcia, Roberto"]
[Result "0-1"]
[WhiteElo "2432"]
[BlackElo "2128"]
[PlyCount "94"]
[EventDate "2015.08.08"]
[EventType "team-tourn"]
[EventRounds "7"]
[EventCountry "ESP"]
[SourceTitle "EXT 2017"]
[Source "ChessBase"]
[SourceDate "2016.10.25"]
[SourceVersion "1"]
[SourceVersionDate "2016.10.25"]
[SourceQuality "1"]
[WhiteTeam "Equigoma Social Catolica"]
[BlackTeam "Espartinas Alekhine"]
[WhiteTeamCountry "ESP"]
[BlackTeamCountry "ESP"]

1. Nf3 Nf6 2. c4 g6 3. Nc3 d5 4. cxd5 Nxd5 5. e4 Nxc3 6. bxc3 Bg7 7. Bb5+ c6 8. Ba4 0-0 9. Ba3 b5 10. Bb3 a5 11. Rc1 Ba6 12. d4 Nd7 13. Qd2 Rc8 14. e5 a4 15. Bc2 c5 16. Bd3 cxd4 17. cxd4 Rxc1+ 18. Bxc1 Nb6 19. 0-0 Nd5 20. Ba3 Qd7 21. Rb1 Rc8 22. Bc5 h6 23. Qa5 Nf4 24. Qxa6 Nxd3 25. Qxb5 Qf5 26. Bxe7 g5 27. h3 Nf4 28. Ne1 Ne2+ 29. Qxe2 Qxb1 30. Kh2 Rc1 31. Nd3 Rd1 32. Nc5 Rxd4 33. e6 Qf5 34. exf7+ Kxf7 35. g3 Be5 36. Kg2 Kxe7 37. Qb2 Qc8 38. Qb6 Qa8+ 39. Kh2 Bd6 40. Nb7 Rd5 41. Qc6 Qg8 42. Kg2 Qe6 43. Qxa4 Rd2 44. Nxd6 Qxd6 45. Qe4+ Kf6 46. Qh7 Qd5+ 47. Kh2 Ke5 0-1

[Event "ESP-chT CECLUB Honor"]
[Site "Linares"]
[Date "2014.09.09"]
[Round "6.2"]
[White "Corral Blanco, Juan Antonio"]
[Black "Illescas Cordoba, Miguel Angel"]
[Result "1-0"]
[WhiteElo "2439"]
[BlackElo "2617"]
[PlyCount "145"]
[EventDate "2014.09.04"]
[EventType "team-tourn"]
[EventRounds "7"]
[EventCountry "ESP"]
[SourceTitle "CBM 162 Extra"]
[Source "ChessBase"]
[SourceDate "2014.10.17"]
[SourceVersion "1"]
[SourceVersionDate "2014.10.17"]
[SourceQuality "1"]
[WhiteTeam "Equigoma Social Catolica"]
[BlackTeam "Merida"]
[WhiteTeamCountry "ESP"]
[BlackTeamCountry "ESP"]

1. Nf3 g6 2. c4 Bg7 3. Nc3 c5 4. g3 Nc6 5. Bg2 b6 6. 0-0 Bb7 7. e3 Bxc3 8. bxc3 f5 9. d3 Nf6 10. Re1 Na5 11. e4 fxe4 12. dxe4 Qc7 13. Bf4 Qc6 14. Ne5 Qe6 15. Nf3 h6 16. e5 Nh5 17. Be3 Bc6 18. Qd3 Nxc4 19. Bc1 0-0-0 20. Bf1 Na5 21. Nd2 Rdf8 22. c4 Bb7 23. Bb2 Rh7 24. Bc3 Nc6 25. Bg2 Qf5 26. Qe3 Ng7 27. Be4 Qf7 28. Bd5 Ne6 29. f4 Qe8 30. Rf1 Nc7 31. Be4 Nd8 32. a4 Bxe4 33. Nxe4 Qf7 34. Qd3 Qe6 35. a5 Rhf7 36. axb6 axb6 37. Rfb1 Qc6 38. Rb3 Nde6 39. Qb1 Kb7 40. Ba5 Na8 41. Bxb6 Nxb6 42. Qa2 Rb8 43. Rxb6+ Qxb6 44. Rb1 Qxb1+ 45. Qxb1+ Kc7 46. Qa2 Kd8 47. Qa5+ Ke8 48. Nxc5 Nxc5 49. Qxc5 e6 50. Qc7 Ra8 51. c5 Kf8 52. Kg2 Re7 53. Qd6 Rc8 54. g4 Rc6 55. Qd4 Rf7 56. h4 Kg8 57. Kg3 Rc8 58. Qd3 Rg7 59. Qd6 Rf7 60. h5 gxh5 61. f5 Rc6 62. Qb8+ Rf8 63. Qb7 exf5 64. Qxd7 Rg6 65. e6 Rxg4+ 66. Kf3 Ra8 67. Qf7+ Kh8 68. Qf6+ Kg8 69. e7 Ra3+ 70. Kf2 Rf4+ 71. Kg2 Ra2+ 72. Kg1 Rg4+ 73. Kh1 1-0

[Event "ESP-chT CECLUB Honor"]
[Site "Linares"]
[Date "2013.09.08"]
[Round "1.3"]
[White "Moreno Tejera, Emilio"]
[Black "Corral Blanco, Juan Antonio"]
[Result "1-0"]
[WhiteElo "2394"]
[BlackElo "2436"]
[PlyCount "83"]
[EventDate "2013.09.08"]
[EventType "team-tourn"]
[EventRounds "7"]
[EventCountry "ESP"]
[SourceTitle "CBM 156 Extra"]
[Source "ChessBase"]
[SourceDate "2013.10.22"]
[SourceVersion "1"]
[SourceVersionDate "2013.10.22"]
[SourceQuality "1"]
[WhiteTeam "Extremadura"]
[BlackTeam "Equigoma Social Catolica"]
[WhiteTeamCountry "ESP"]
[BlackTeamCountry "ESP"]

1. e4 c5 2. Nf3 Nc6 3. d4 cxd4 4. Nxd4 Nf6 5. Nc3 d6 6. Bg5 e6 7. Qd2 h6 8. Bxf6 gxf6 9. 0-0-0 a6 10. Kb1 Bd7 11. f4 Qc7 12. Be2 h5 13. Rhf1 0-0-0 14. Nb3 Kb8 15. Qe3 Na5 16. f5 Be7 17. Qh3 Nxb3 18. axb3 h4 19. Bg4 Qc8 20. Ne2 e5 21. Nc3 Bc6 22. Be2 Rdg8 23. Bc4 Rg7 24. Qf3 Rhg8 25. Rf2 Qf8 26. Nd5 Bxd5 27. Bxd5 Bd8 28. b4 Bb6 29. Re2 Rg4 30. Rdd2 Rf4 31. Qb3 Rf1+ 32. Ka2 Rg7 33. Rd3 Rg1 34. Rh3 R7xg2 35. Rxg2 Rxg2 36. Rxh4 Rg7 37. Rh6 Qe7 38. Rh8+ Ka7 39. Qa4 Rg2 40. Rh7 Qd8 41. Rxf7 Bc7 42. b5 1-0

[Event "ESP-chT Honor Gp2 49th"]
[Site "Sant Lluis"]
[Date "2005.09.04"]
[Round "5"]
[White "Franco Ocampos, Zenon"]
[Black "Corral Blanco, Juan Antonio"]
[Result "1-0"]
[WhiteElo "2526"]
[BlackElo "2451"]
[PlyCount "59"]
[EventDate "2005.08.31"]
[EventType "team"]
[EventRounds "5"]
[EventCountry "ESP"]
[SourceTitle "CBM 109"]
[Source "ChessBase"]
[SourceDate "2005.11.14"]
[SourceVersion "1"]
[SourceVersionDate "2005.11.14"]
[SourceQuality "1"]

1. Nf3 d5 2. d4 Bf5 3. c4 e6 4. Nc3 c6 5. Qb3 Qc8 6. Bf4 Nf6 7. Rc1 dxc4 8. Qxc4 Na6 9. Ne5 Be7 10. f3 Nd5 11. Nxd5 exd5 12. Qa4 Nb8 13. e4 dxe4 14. fxe4 Bxe4 15. Bc4 0-0 16. Qb3 Bg6 17. 0-0 Bf6 18. Nxg6 hxg6 19. Bd6 b5 20. Bxb5 Re8 21. Bc4 Qd7 22. Be5 Rf8 23. Qg3 Bxe5 24. dxe5 Qe7 25. e6 fxe6 26. Rxf8+ Kxf8 27. Rf1+ Kg8 28. Qe5 g5 29. Bxe6+ Kh8 30. Rf3 1-0

[Event "ESP-chT"]
[Site "Sanxenxo"]
[Date "2004.11.24"]
[Round "7"]
[White "Malakhov, Vladimir"]
[Black "Corral Blanco, Juan Antonio"]
[Result "1-0"]
[WhiteElo "2664"]
[BlackElo "2446"]
[PlyCount "135"]
[EventDate "2004.11.18"]
[EventType "team"]
[EventRounds "9"]
[EventCountry "ESP"]
[SourceTitle "CBM 105"]
[Source "ChessBase"]
[SourceDate "2005.04.11"]
[SourceVersion "1"]
[SourceVersionDate "2005.04.11"]
[SourceQuality "1"]

1. c4 c5 2. Nf3 b6 3. Nc3 e6 4. d4 cxd4 5. Nxd4 a6 6. e4 d6 7. Be2 Bb7 8. 0-0 Nf6 9. f3 Be7 10. Be3 0-0 11. Rc1 Nbd7 12. Qd2 Re8 13. Rfd1 Qb8 14. Bf1 Bd8 15. Kh1 Bc7 16. h3 Qd8 17. Qf2 Rc8 18. Nde2 Bb8 19. b3 Qc7 20. Bf4 Ne5 21. Bh2 Ba8 22. Nf4 Ba7 23. Qd2 Red8 24. Nd3 Nxd3 25. Qxd3 Ne8 26. b4 Qe7 27. a3 h5 28. Bg1 Nf6 29. b5 a5 30. Na4 Qc7 31. Qd2 Rb8 32. Qg5 Rd7 33. Bh2 Qd8 34. Rc2 Rc8 35. Rcd2 e5 36. Bg1 Rb8 37. Be3 Qe7 38. Ra2 Qe6 39. Qh4 g6 40. Qf2 Rdb7 41. Rad2 Ne8 42. Qg3 Rc7 43. Rc2 Qe7 44. Qf2 Rcb7 45. Bd3 Ng7 46. Rcd2 h4 47. Bb1 Ne8 48. f4 Qf6 49. fxe5 dxe5 50. Qxf6 Nxf6 51. Bg5 Kg7 52. Rd6 Nh7 53. Bxh4 Rc8 54. Rd8 Rbc7 55. Rxc8 Rxc8 56. Rd8 Rxd8 57. Bxd8 Nf6 58. Bxb6 Bxb6 59. Nxb6 Bxe4 60. Bxe4 Nxe4 61. Nd7 Nd6 62. b6 e4 63. c5 e3 64. Ne5 e2 65. Nf3 Nf5 66. b7 Nd4 67. b8Q Nxf3 68. Qb2+ 1-0

[Event "ESP-chT"]
[Site "Sanxenxo"]
[Date "2004.11.23"]
[Round "6"]
[White "Corral Blanco, Juan Antonio"]
[Black "Jerez Perez, Alfonso"]
[Result "1-0"]
[WhiteElo "2446"]
[BlackElo "2434"]
[PlyCount "93"]
[EventDate "2004.11.18"]
[EventType "team"]
[EventRounds "9"]
[EventCountry "ESP"]
[SourceTitle "CBM 105"]
[Source "ChessBase"]
[SourceDate "2005.04.11"]
[SourceVersion "1"]
[SourceVersionDate "2005.04.11"]
[SourceQuality "1"]

1. d4 Nf6 2. Nf3 g6 3. Bg5 Bg7 4. c3 b6 5. Nbd2 Bb7 6. e3 0-0 7. Be2 c5 8. 0-0 Nc6 9. Bxf6 exf6 10. dxc5 bxc5 11. Ne4 Qb6 12. Nd6 Rab8 13. Rb1 Ba8 14. Bc4 Nd4 15. cxd4 Qxd6 16. dxc5 Qxc5 17. b3 Rfd8 18. Rc1 Qa5 19. Rc2 f5 20. Qd2 Qxd2 21. Rxd2 Bxf3 22. gxf3 d6 23. Rfd1 Rb6 24. Rc2 f4 25. e4 Rb7 26. Bd5 Re7 27. b4 Rb8 28. Rdc1 Bd4 29. Rc4 Bb2 30. Rb1 Be5 31. b5 Rb6 32. a4 a6 33. Rc6 Rxc6 34. bxc6 Bd4 35. a5 Rc7 36. Rb6 Ra7 37. Rxa6 Rc7 38. Ra8+ Kg7 39. Rd8 Kf6 40. Rf8 Ra7 41. Rxf7+ Rxf7 42. Bxf7 Ke7 43. Kg2 Kd8 44. Bc4 Kc7 45. Bb5 g5 46. Kf1 h5 47. h3 1-0

[Event "ESP-chT"]
[Site "Sanxenxo"]
[Date "2004.11.19"]
[Round "2"]
[White "Corral Blanco, Juan Antonio"]
[Black "Franco Ocampos, Zenon"]
[Result "1/2-1/2"]
[WhiteElo "2446"]
[BlackElo "2526"]
[PlyCount "96"]
[EventDate "2004.11.18"]
[EventType "team"]
[EventRounds "9"]
[EventCountry "ESP"]
[SourceTitle "CBM 105"]
[Source "ChessBase"]
[SourceDate "2005.04.11"]
[SourceVersion "1"]
[SourceVersionDate "2005.04.11"]
[SourceQuality "1"]

1. c4 c6 2. e4 d5 3. exd5 cxd5 4. d4 Nf6 5. Nc3 e6 6. Nf3 Be7 7. cxd5 Nxd5 8. Bd3 0-0 9. 0-0 Nc6 10. Re1 Bf6 11. Be4 Nce7 12. Ne5 Ng6 13. Bxd5 exd5 14. Nxg6 hxg6 15. Bf4 Be6 16. Be5 Rc8 17. Bxf6 Qxf6 18. Re5 Rc4 19. Qd2 Rfc8 20. a3 Qh4 21. Rd1 Bg4 22. f3 Be6 23. Qf2 Qd8 24. h4 Qb6 25. Rd2 f6 26. Ree2 Qd6 27. Qe1 Bd7 28. g4 Kf7 29. Kg2 Be6 30. Rd3 Qd7 31. Qg3 R8c6 32. Qf4 a6 33. Rde3 b5 34. Na2 a5 35. Nc3 b4 36. axb4 Rxb4 37. Na2 Rbc4 38. Kg3 a4 39. Rc3 Rxc3 40. Nxc3 a3 41. Na2 axb2 42. Rxb2 Kg8 43. Rb8+ Kh7 44. Nb4 Rc4 45. Na6 Qa7 46. Nc5 Rxd4 47. Qd6 Qa1 48. Qxe6 Qg1+ 1/2-1/2

[Event "ESP-chT"]
[Site "Sanxenxo"]
[Date "2004.11.18"]
[Round "1"]
[White "Moreno Carnero, Javier"]
[Black "Corral Blanco, Juan Antonio"]
[Result "1/2-1/2"]
[WhiteElo "2512"]
[BlackElo "2446"]
[PlyCount "93"]
[EventDate "2004.11.18"]
[EventType "team"]
[EventRounds "9"]
[EventCountry "ESP"]
[SourceTitle "CBM 105"]
[Source "ChessBase"]
[SourceDate "2005.04.11"]
[SourceVersion "1"]
[SourceVersionDate "2005.04.11"]
[SourceQuality "1"]

1. e4 c5 2. Nf3 Nc6 3. d4 cxd4 4. Nxd4 Nf6 5. Nc3 d6 6. Bg5 Qa5 7. Bb5 Bd7 8. Nb3 Qd8 9. Qe2 h6 10. Bh4 e6 11. 0-0-0 Qc7 12. f4 a6 13. Bxc6 bxc6 14. Rhf1 Nh7 15. e5 d5 16. f5 Bb4 17. Qg4 Bxc3 18. bxc3 Ng5 19. Bxg5 hxg5 20. fxe6 Bxe6 21. Qxg5 c5 22. h3 Kf8 23. Rd3 Rc8 24. Rg3 Rh7 25. Rf4 a5 26. Ra4 g6 27. Rf4 Ke8 28. Qf6 Kd7 29. Rf2 Rh5 30. Qf4 Rxe5 31. Qa4+ Ke7 32. Qh4+ Kd7 33. Qa4+ Ke7 34. Qh4+ Kd7 35. Rgf3 Kc6 36. Qa4+ Kd6 37. Nxa5 Re4 38. c4 Ra8 39. Ra3 Ra7 40. Qb5 Bd7 41. Rf6+ Ke7 42. Qb6 Qe5 43. Rf1 Rxa5 44. Qxa5 Qa1+ 45. Kd2 Rd4+ 46. Ke2 Re4+ 47. Kd2 1/2-1/2

[Event "ESP-chT"]
[Site "Lanzarote"]
[Date "2003.05.11"]
[Round "6.2"]
[White "San Segundo Carrillo, Pablo"]
[Black "Corral Blanco, Juan Antonio"]
[Result "1-0"]
[WhiteElo "2515"]
[BlackElo "2456"]
[PlyCount "105"]
[EventDate "2003.05.06"]
[EventType "team"]
[EventRounds "9"]
[EventCountry "ESP"]
[SourceTitle "CBM 094 Extra"]
[Source "ChessBase"]
[SourceDate "2003.07.09"]
[SourceVersion "2"]
[SourceVersionDate "2003.07.09"]
[SourceQuality "1"]
[WhiteTeam "Cajacanarias"]
[BlackTeam "La Caja de Canarias"]
[WhiteTeamCountry "ESP"]
[BlackTeamCountry "ESP"]

1. d4 e6 2. c4 Bb4+ 3. Bd2 Bxd2+ 4. Qxd2 Nf6 5. Nc3 d6 6. e3 Qe7 7. Bd3 c6 8. Nge2 a6 9. f4 b5 10. Rc1 e5 11. cxb5 axb5 12. Nxb5 e4 13. Bb1 Ba6 14. Nbc3 d5 15. b3 h5 16. Na4 Rh6 17. Nc5 Bc8 18. Kd1 Rg6 19. Nc3 Ng4 20. Rc2 Nh6 21. N3a4 Qd8 22. Kc1 Nf5 23. Kb2 Nh4 24. g3 Nf5 25. Re1 h4 26. Qb4 Ba6 27. Rg2 Bb5 28. g4 h3 29. Rgg1 Qh4 30. Nxe4 dxe4 31. Bxe4 Rxg4 32. Rxg4 Qxg4 33. Nc3 Na6 34. Qa5 Nd6 35. Bh1 Qe6 36. a4 Bxa4 37. Qxa4 Kf8 38. Qxc6 Rb8 39. Bd5 Nb4 40. Bxe6 Nxc6 41. Bxh3 Na5 42. Kc2 Rxb3 43. Bf1 f5 44. Ra1 Ndb7 45. Bd3 Rb6 46. Bxf5 Nc4 47. Kd3 Nbd6 48. Be6 Rc6 49. Ra8+ Ke7 50. Bd5 Rc7 51. Bxc4 Rxc4 52. Ra7+ Kf8 53. Ra6 1-0

[Event "ESP-chT"]
[Site "Lanzarote"]
[Date "2003.05.09"]
[Round "4.2"]
[White "Giorgadze, Giorgi"]
[Black "Corral Blanco, Juan Antonio"]
[Result "1-0"]
[WhiteElo "2593"]
[BlackElo "2456"]
[PlyCount "97"]
[EventDate "2003.05.06"]
[EventType "team"]
[EventRounds "9"]
[EventCountry "ESP"]
[SourceTitle "CBM 094 Extra"]
[Source "ChessBase"]
[SourceDate "2003.07.09"]
[SourceVersion "2"]
[SourceVersionDate "2003.07.09"]
[SourceQuality "1"]
[WhiteTeam "Morgote CA"]
[BlackTeam "La Caja de Canarias"]
[WhiteTeamCountry "ESP"]
[BlackTeamCountry "ESP"]

1. e4 c5 2. Nc3 Nc6 3. f4 g6 4. Nf3 Bg7 5. Bc4 e6 6. 0-0 Nge7 7. d3 d5 8. Bb3 0-0 9. Qe1 Nd4 10. Nxd4 cxd4 11. Nd1 a5 12. a4 f5 13. Nf2 Bd7 14. Bd2 Kh8 15. Kh1 Bc6 16. exf5 Nxf5 17. Ng4 Qb6 18. Rf3 Qc5 19. Rh3 Bd7 20. Ne5 Be8 21. Nf3 Bf6 22. Qxe6 Bc6 23. Ne5 Bxe5 24. Qxg6 Qe7 25. fxe5 Ne3 26. Qd6 Qxd6 27. exd6 Rf2 28. Bxe3 dxe3 29. Rxe3 Raf8 30. Kg1 d4 31. Rg3 R2f6 32. Re1 Rxd6 33. Re7 Rg6 34. Rxg6 hxg6 35. Re5 Ra8 36. Re6 Kg7 37. Rd6 Re8 38. Rxd4 Re2 39. Rg4 Re1+ 40. Kf2 Rb1 41. Rg5 Rxb2 42. Rxa5 Kf6 43. Rc5 Ke7 44. a5 Kd6 45. Rg5 Be8 46. Rd5+ Kc7 47. Re5 Bd7 48. Re1 Bc6 49. Ke3 1-0

[Event "ESP-chT"]
[Site "Lanzarote"]
[Date "2003.05.07"]
[Round "2.2"]
[White "Bellon Lopez, Juan Manuel"]
[Black "Corral Blanco, Juan Antonio"]
[Result "1-0"]
[WhiteElo "2422"]
[BlackElo "2456"]
[PlyCount "67"]
[EventDate "2003.05.06"]
[EventType "team"]
[EventRounds "9"]
[EventCountry "ESP"]
[SourceTitle "CBM 094 Extra"]
[Source "ChessBase"]
[SourceDate "2003.07.09"]
[SourceVersion "2"]
[SourceVersionDate "2003.07.09"]
[SourceQuality "1"]
[WhiteTeam "Alzira Hiraturas"]
[BlackTeam "La Caja de Canarias"]
[WhiteTeamCountry "ESP"]
[BlackTeamCountry "ESP"]

1. e4 c5 2. Nc3 e6 3. Nf3 Nc6 4. d4 cxd4 5. Nxd4 Qc7 6. Be3 a6 7. Bd3 Nf6 8. Nb3 d6 9. f4 g6 10. Qf3 Bg7 11. 0-0-0 Rb8 12. g4 b5 13. Kb1 b4 14. Ne2 Bb7 15. h4 h5 16. gxh5 Nxh5 17. Ng3 Qe7 18. Nxh5 Rxh5 19. Qe2 Ra8 20. Nd2 Qf6 21. Nc4 Rd8 22. f5 Rxh4 23. fxe6 fxe6 24. Rhf1 Qe7 25. e5 Nxe5 26. Nxe5 Bxe5 27. Bxg6+ Kd7 28. Rf7 Qxf7 29. Bxf7 Rf8 30. Qf2 Rfh8 31. Bc1 Rc4 32. Bg6 Kc6 33. b3 Rg4 34. Qf3+ 1-0

[Event "ESP-chT"]
[Site "Lanzarote"]
[Date "2003.05.06"]
[Round "1.2"]
[White "Corral Blanco, Juan Antonio"]
[Black "Damljanovic, Branko"]
[Result "1-0"]
[WhiteElo "2456"]
[BlackElo "2587"]
[PlyCount "77"]
[EventDate "2003.05.06"]
[EventType "team"]
[EventRounds "9"]
[EventCountry "ESP"]
[SourceTitle "CBM 094 Extra"]
[Source "ChessBase"]
[SourceDate "2003.07.09"]
[SourceVersion "2"]
[SourceVersionDate "2003.07.09"]
[SourceQuality "1"]
[WhiteTeam "La Caja de Canarias"]
[BlackTeam "IberCaja"]
[WhiteTeamCountry "ESP"]
[BlackTeamCountry "ESP"]

1. d4 Nf6 2. c4 g6 3. Nf3 Bg7 4. g3 0-0 5. Bg2 d6 6. Nc3 c6 7. 0-0 Qa5 8. e4 e5 9. Re1 Nbd7 10. Rb1 exd4 11. Nxd4 Ne5 12. b4 Qb6 13. Na4 Qd8 14. Qb3 c5 15. bxc5 dxc5 16. Nb5 Be6 17. Nxc5 Bxc4 18. Qa3 a6 19. Nc3 b5 20. Rd1 Qe7 21. f4 Nc6 22. Nd5 Nxd5 23. exd5 Nd4 24. Ne4 Qa7 25. Be3 Nc2 26. Qxf8+ Kxf8 27. Bxa7 Rxa7 28. d6 Ke8 29. Rd2 Nd4 30. Nc5 Kd8 31. Kh1 Ne6 32. Nb7+ Kd7 33. Rc1 Bd4 34. Rcd1 Be3 35. Rc2 Bb6 36. Rb2 h5 37. h3 h4 38. gxh4 Nxf4 39. Bf3 1-0

[Event "ESP-chT"]
[Site "Barcelona"]
[Date "2000.08.12"]
[Round "8"]
[White "Narciso Dublan, Marc"]
[Black "Corral Blanco, Juan Antonio"]
[Result "1-0"]
[WhiteElo "2507"]
[BlackElo "2464"]
[PlyCount "99"]
[EventDate "2000.08.05"]
[EventType "team"]
[EventRounds "9"]
[EventCountry "ESP"]
[SourceTitle "CBM 077 Extra"]
[Source "ChessBase"]
[SourceDate "2000.09.14"]
[SourceVersion "1"]
[SourceVersionDate "2000.09.14"]
[SourceQuality "1"]

1. d4 Nf6 2. c4 e6 3. Nc3 Bb4 4. Qc2 d6 5. Bg5 h6 6. Bh4 Nbd7 7. e3 Bxc3+ 8. Qxc3 Qe7 9. Bd3 b6 10. Ne2 Bb7 11. f3 c5 12. 0-0 0-0 13. Rad1 Rfc8 14. e4 cxd4 15. Qxd4 e5 16. Qf2 g5 17. Bg3 Nc5 18. Qe3 Nh5 19. b3 Nf4 20. Bb1 Nxe2+ 21. Qxe2 a6 22. Rd2 Bc6 23. Rfd1 Rd8 24. Bf2 a5 25. Be3 Rab8 26. Qf2 Rd7 27. Bc2 Rdd8 28. a3 Qc7 29. b4 axb4 30. axb4 Ne6 31. Bb3 Nf4 32. h4 Kg7 33. hxg5 hxg5 34. Bxf4 gxf4 35. Qh4 Rd7 36. Qg5+ Kf8 37. Qh6+ Ke7 38. Qg5+ Kf8 39. Qh6+ Ke7 40. Qg7 Rf8 41. c5 bxc5 42. bxc5 Qa7 43. Rc1 Ke8 44. Rxd6 Rxd6 45. Qxe5+ Qe7 46. Qxd6 Qxd6 47. cxd6 Kd7 48. e5 f6 49. e6+ Kxd6 50. Rxc6+ 1-0

[Event "ESP-chT"]
[Site "Barcelona"]
[Date "2000.08.11"]
[Round "7"]
[White "Corral Blanco, Juan Antonio"]
[Black "Pablo Marin, Alejandro"]
[Result "1/2-1/2"]
[WhiteElo "2464"]
[BlackElo "2395"]
[PlyCount "42"]
[EventDate "2000.08.05"]
[EventType "team"]
[EventRounds "9"]
[EventCountry "ESP"]
[SourceTitle "CBM 077 Extra"]
[Source "ChessBase"]
[SourceDate "2000.09.14"]
[SourceVersion "1"]
[SourceVersionDate "2000.09.14"]
[SourceQuality "1"]

1. d4 Nf6 2. c4 g6 3. Nc3 Bg7 4. e4 d6 5. Nge2 a6 6. Ng3 Nbd7 7. Be2 h5 8. f3 e5 9. d5 h4 10. Nf1 Nh5 11. Ne3 Bh6 12. Bd2 Bf4 13. Ng4 Qg5 14. Bf1 a5 15. Nf2 Nc5 16. Qc2 Bd7 17. 0-0-0 Ke7 18. Ne2 Bxd2+ 19. Qxd2 Qxd2+ 20. Rxd2 f5 21. Nc3 Nf6 1/2-1/2

[Event "ESP-chT"]
[Site "Barcelona"]
[Date "2000.08.10"]
[Round "6"]
[White "Suba, Mihai"]
[Black "Corral Blanco, Juan Antonio"]
[Result "1-0"]
[WhiteElo "2487"]
[BlackElo "2464"]
[PlyCount "115"]
[EventDate "2000.08.05"]
[EventType "team"]
[EventRounds "9"]
[EventCountry "ESP"]
[SourceTitle "CBM 077 Extra"]
[Source "ChessBase"]
[SourceDate "2000.09.14"]
[SourceVersion "1"]
[SourceVersionDate "2000.09.14"]
[SourceQuality "1"]

1. c4 c5 2. Nf3 Nc6 3. Nc3 Nd4 4. g3 g6 5. Bg2 Bg7 6. 0-0 d6 7. Rb1 Bf5 8. d3 Qd7 9. Nxd4 cxd4 10. Nd5 Nf6 11. e4 dxe3 12. Bxe3 0-0 13. Qb3 Ng4 14. Bg5 Rae8 15. Rbe1 f6 16. Bf4 Kh8 17. Qa3 Ne5 18. Rd1 Nc6 19. Rfe1 g5 20. Be3 Bg4 21. f3 Bh5 22. Bf2 f5 23. d4 f4 24. g4 Bf7 25. b3 b6 26. Qa4 Qb7 27. Nb4 Nb8 28. d5 Rc8 29. Nc6 Nxc6 30. dxc6 Qc7 31. h4 h6 32. hxg5 hxg5 33. b4 Bxc4 34. b5 Bf7 35. Bf1 d5 36. Bd3 Rfe8 37. Kg2 e5 38. Rh1+ Kg8 39. Bf5 Rcd8 40. Bh7+ Kf8 41. Be1 Bf6 42. Bf5 Bg8 43. Rh6 Be7 44. Bc3 Bc5 45. Rdh1 Re7 46. R1h5 e4 47. Rf6+ Rf7 48. Rxg5 exf3+ 49. Kxf3 Qe7 50. Rxg8+ Kxg8 51. Rg6+ Kf8 52. Qxf4 Qh4 53. Qh6+ Qxh6 54. Rxh6 d4 55. Bd2 Rd6 56. Rh8+ Kg7 57. Rh7+ Kg8 58. Rxf7 1-0